C++ primer plus : Teach yoursef object-oriented programming

C++ Primer Plus is a carefully crafted, complete tutorial on one of the most significant and widely used programming languages today. An accessible and easy-to-use self-study guide, this book is appropriate for both serious students of programming as well as developers already proficient in other la...

पूर्ण विवरण

में बचाया:
ग्रंथसूची विवरण
मुख्य लेखक: Prata, Stephen
स्वरूप: पुस्तक
भाषा:Undetermined
प्रकाशित: Corte Madera, CA. Waite Group Press 1995
विषय:
टैग : टैग जोड़ें
कोई टैग नहीं, इस रिकॉर्ड को टैग करने वाले पहले व्यक्ति बनें!
Thư viện lưu trữ: Trung tâm Học liệu Trường Đại học Cần Thơ
LEADER 00943nam a2200217Ia 4500
001 CTU_186722
008 210402s9999 xx 000 0 und d
020 |c 32.95 
082 |a 005.133 
082 |b P912 
100 |a Prata, Stephen 
245 0 |a C++ primer plus : 
245 0 |b Teach yoursef object-oriented programming 
245 0 |c Stephen Prata 
260 |a Corte Madera, CA. 
260 |b Waite Group Press 
260 |c 1995 
520 |a C++ Primer Plus is a carefully crafted, complete tutorial on one of the most significant and widely used programming languages today. An accessible and easy-to-use self-study guide, this book is appropriate for both serious students of programming as well as developers already proficient in other languages. 
650 |a C++ (Computer program language),C++ (Ngôn ngữ chương trình máy tính) 
904 |i Trúc 
980 |a Trung tâm Học liệu Trường Đại học Cần Thơ